La corporation de l'acier aux Etats-Unis / (Record no. 49665)

MARC details
000 -LEADER
campo de control de longitud fija 00447nam a2200145 i 4500
001 - NÚMERO DE CONTROL
campo de control 49665
003 - IDENTIFICADOR DE NÚMERO DE CONTROL
campo de control ES-MaACL
007 - CAMPO FIJO DE DESCRIPCIÓN FÍSICA--INFORMACIÓN GENERAL
campo de control de longitud fija t|
008 - DATOS DE LONGITUD FIJA--INFORMACIÓN GENERAL
campo de control de longitud fija 030721s1923 fr ||||1| fre d
100 1# - ENTRADA PRINCIPAL--NOMBRE DE PERSONA
Nombre de persona Cotter, Arundel.
9 (RLIN) 41192
245 13 - MENCIÓN DEL TÍTULO
Título La corporation de l'acier aux Etats-Unis /
Mención de responsabilidad, etc. par Arundel Cotter ; traduit par André Aude.
260 ## - PUBLICACIÓN, DISTRIBUCIÓN, ETC.
Lugar de publicación, distribución, etc. Paris :
Nombre del editor, distribuidor, etc. Vuibert,
Fecha de publicación, distribución, etc. 1923 (
Fabricante Chartres-Durand)
300 ## - DESCRIPCIÓN FÍSICA
Extensión 238 p., 1 lám. ;
Dimensiones 23 cm.
852 ## - LOCALIZACIÓN
Ubicación ES-MaACL
Número de control de estantería B-4603
Holdings
Estatus retirado Estado de pérdida Estado de daño No para préstamo Biblioteca de origen Biblioteca actual Ubicación en estantería Fecha de adquisición Fuente de adquisición Total de préstamos Signatura topográfica completa Código de barras Visto por última vez Precio de reemplazo Tipo de ítem Koha
        Biblioteca del Ateneo de Madrid Biblioteca del Ateneo de Madrid Sala Pardo Bazán 17/01/2008     B-4603 1052258 23/02/2023 23/02/2023 Libro impreso